[Event "Oberfranken Senioren-EM2009 26th"]
[Site "Bischofsgrün (5.6.-13.6)"]
[Date "2009.06.13"]
[Round "9.1"]
[White "Urytskyy, Arkadiy"]
[Black "Weigel, Herbert"]
[Result "1/2-1/2"]
[WhiteElo "2105"]
[BlackElo "2010"]
[PlyCount "64"]
[EventDate "2009.06.??"]
[EventType "swiss"]
[EventRounds "9"]
[WhiteTeam "Kirchenlaibach TSV"]
[BlackTeam "Zirndorf SK"]

1. Nf3 d5 2. c4 c6 3. b3 Bg4 4. g3 Bxf3 5. exf3 e6 6. Bb2 Nd7 7. Bg2 Ngf6 8.
O-O Be7 9. d3 O-O 10. f4 Re8 11. Nd2 a5 12. a3 Nc5 13. Qc2 dxc4 14. dxc4 Qd3
15. Qxd3 Nxd3 16. Bc3 Red8 17. Ne4 Nc5 18. Nxc5 Bxc5 19. Bxa5 Rxa5 20. b4 Ra4
21. bxc5 Rxc4 22. Rab1 Rxc5 23. Rxb7 Ra5 24. Rfb1 Rxa3 25. Bxc6 g6 26. Rc7 Ne8
27. Bxe8 Rxe8 28. Rbb7 Rf8 29. Re7 h5 30. Kg2 Ra5 31. Kf3 Rf5 32. Ke3 Ra8
1/2-1/2

[Event "Oberfranken Senioren-EM2009 26th"]
[Site "Bischofsgrün (5.6.-13.6)"]
[Date "2009.06.13"]
[Round "9.2"]
[White "Schurig, Wilhelm"]
[Black "Jeske, Eckhard(52)"]
[Result "0-1"]
[WhiteElo "1859"]
[BlackElo "2159"]
[PlyCount "48"]
[EventDate "2009.06.??"]
[EventType "swiss"]
[EventRounds "9"]
[WhiteTeam "Thiersheim SV"]
[BlackTeam "Rostock-07 SSC"]

1. Nf3 d5 2. g3 g6 3. Bg2 Bg7 4. c4 d4 5. d3 c5 6. b4 cxb4 7. a3 bxa3 8. Bxa3
Nc6 9. O-O Nf6 10. Nbd2 O-O 11. Qa4 Re8 12. c5 Nd5 13. Rfe1 Rb8 14. Nc4 h6 15.
Nfd2 Be6 16. Qc2 Qd7 17. Bc1 Rec8 18. Na5 Nxa5 19. Rxa5 b6 20. Ra1 Rxc5 21. Qa4
Rc7 22. Nb3 Qxa4 23. Rxa4 Nc3 24. Rb4 Na2 0-1

[Event "Oberfranken Senioren-EM2009 26th"]
[Site "Bischofsgrün (5.6.-13.6)"]
[Date "2009.06.13"]
[Round "9.3"]
[White "Romanow, Werner"]
[Black "Josting, Friedel"]
[Result "1-0"]
[WhiteElo "1975"]
[BlackElo "1821"]
[PlyCount "95"]
[EventDate "2009.06.??"]
[EventType "swiss"]
[EventRounds "9"]
[WhiteTeam "Merseburg SV"]
[BlackTeam "Bünde SG"]

1. c4 c5 2. Nf3 Nc6 3. d4 cxd4 4. Nxd4 Nf6 5. Nc3 e6 6. Ndb5 d6 7. Bf4 e5 8.
Bg5 Be7 9. Qa4 Bf5 10. e4 Bd7 11. Qd1 Be6 12. Qd2 a6 13. Na3 O-O 14. h3 Rc8 15.
Nc2 Ne8 16. Bxe7 Qxe7 17. Be2 f5 18. b3 Nf6 19. Bf3 fxe4 20. Nxe4 Nxe4 21. Bxe4
Rf4 22. Qd3 h6 23. g3 Rff8 24. Bd5 Qf7 25. Bxe6 Qxe6 26. Rd1 Rcd8 27. Rd2 Kh8
28. Qe4 Qf6 29. O-O Qg5 30. Rfd1 Qf6 31. Kg2 g5 32. Re2 Kg7 33. Rd3 Qf7 34.
Red2 Qf6 35. b4 Qe7 36. a3 Qc7 37. Qg4 Kh8 38. Qd1 Qf7 39. Qg4 Qe7 40. b5 axb5
41. cxb5 Na5 42. Qb4 b6 43. Rxd6 Rxd6 44. Qxd6 Qf6 45. Qd5 Qf5 46. Ne3 Qf6 47.
Ng4 Qg7 48. Nxe5 1-0

[Event "Oberfranken Senioren-EM2009 26th"]
[Site "Bischofsgrün (5.6.-13.6)"]
[Date "2009.06.13"]
[Round "9.4"]
[White "Huhn, Ulrich"]
[Black "Ragsch, Klaus"]
[Result "1-0"]
[WhiteElo "1860"]
[BlackElo "1813"]
[PlyCount "53"]
[EventDate "2009.06.??"]
[EventType "swiss"]
[EventRounds "9"]
[WhiteTeam "Berlin-Lasker-Steglitz SG"]
[BlackTeam "Neuss/Norf SG"]

1. d4 d5 2. Nc3 Nf6 3. Bg5 e6 4. e4 dxe4 5. Nxe4 Be7 6. Nxf6+ Bxf6 7. Bxf6 Qxf6
8. Bd3 O-O 9. Nf3 Nd7 10. Qe2 c5 11. c3 cxd4 12. Nxd4 Nc5 13. Bxh7+ Kxh7 14.
Qh5+ Kg8 15. Qxc5 e5 16. Ne2 Bg4 17. f3 Be6 18. O-O b6 19. Qe3 Rad8 20. Ng3 Bc4
21. Ne4 Qc6 22. Rf2 Rd3 23. Qg5 Rfd8 24. Rd2 f6 25. Rxd3 Rxd3 26. Qg6 Bf7 27.
Nxf6+ 1-0

[Event "Oberfranken Senioren-EM2009 26th"]
[Site "Bischofsgrün (5.6.-13.6)"]
[Date "2009.06.13"]
[Round "9.5"]
[White "Hoellger, Herbert"]
[Black "Kraft, Hans(32)"]
[Result "1/2-1/2"]
[WhiteElo "1883"]
[BlackElo "1936"]
[PlyCount "37"]
[EventDate "2009.06.??"]
[EventType "swiss"]
[EventRounds "9"]
[WhiteTeam "Bad Hersfeld SK"]
[BlackTeam "Zirndorf SK"]

1. Nf3 c5 2. g3 g6 3. c4 Bg7 4. Nc3 Nc6 5. b3 d6 6. Bg2 Nf6 7. Bb2 O-O 8. O-O
h6 9. h3 e5 10. d3 Rb8 11. e4 Be6 12. Bc1 a6 13. a4 Kh7 14. Kh2 h5 15. Be3 b6
16. Rb1 Qd7 17. Qd2 Nd4 18. Bxd4 exd4 19. Nd5 1/2-1/2

[Event "Oberfranken Senioren-EM2009 26th"]
[Site "Bischofsgrün (5.6.-13.6)"]
[Date "2009.06.13"]
[Round "9.6"]
[White "Schweizer, Wolfgang Dr"]
[Black "Doerfel, Franz"]
[Result "1-0"]
[WhiteElo "1908"]
[BlackElo "1787"]
[PlyCount "49"]
[EventDate "2009.06.??"]
[EventType "swiss"]
[EventRounds "9"]
[WhiteTeam "Kulmbach SK"]
[BlackTeam "Rehau ASV"]

1. c4 Nf6 2. Nc3 g6 3. g3 Bg7 4. Bg2 e5 5. e4 O-O 6. Nge2 d6 7. d3 Nc6 8. O-O
Be6 9. h3 Qd7 10. Kh2 Ne8 11. Be3 f5 12. Qd2 Nf6 13. b3 Nh5 14. exf5 gxf5 15.
f4 Rae8 16. d4 exd4 17. Nxd4 Rf6 18. Nxe6 Rexe6 19. Bd5 Rg6 20. Bf2 Kh8 21.
Bxe6 Rxe6 22. Rae1 Rh6 23. Nd5 Nf6 24. Nxf6 Rxf6 25. Qe2 1-0

[Event "Oberfranken Senioren-EM2009 26th"]
[Site "Bischofsgrün (5.6.-13.6)"]
[Date "2009.06.13"]
[Round "9.7"]
[White "Boeven, Manfred"]
[Black "Barlo, Werner"]
[Result "1/2-1/2"]
[WhiteElo "1978"]
[BlackElo "1778"]
[PlyCount "98"]
[EventDate "2009.06.??"]
[EventType "swiss"]
[EventRounds "9"]
[WhiteTeam "Geilenkirchen SF"]
[BlackTeam "Berlin-Zehlendorf SK"]

1. d4 d5 2. Nc3 Bf5 3. f3 Nf6 4. Bg5 Nbd7 5. e3 c6 6. h4 h6 7. Bf4 e6 8. Qd2
Qa5 9. g4 Bh7 10. Bd3 Bxd3 11. cxd3 c5 12. dxc5 Bxc5 13. d4 Bb4 14. Nge2 Nb6
15. Kf2 Nc4 16. Qc2 Rc8 17. Rac1 Bd6 18. b3 Na3 19. Qb2 Bb4 20. Nxd5 O-O 21.
Nxf6+ gxf6 22. Bxh6 Rfe8 23. Rxc8 Rxc8 24. Rc1 Rd8 25. g5 Nb5 26. Qc2 f5 27. a4
Nd6 28. Qc7 b5 29. Qxa5 Bxa5 30. Nf4 bxa4 31. bxa4 Rb8 32. Nd3 Rc8 33. Rxc8+
Nxc8 34. Ne5 Nb6 35. Nc6 Bc3 36. h5 a5 37. g6 fxg6 38. hxg6 Bb4 39. Ke2 Nxa4
40. Nxb4 Nc3+ 41. Kd3 axb4 42. e4 fxe4+ 43. fxe4 Nb5 44. d5 exd5 45. exd5 b3
46. Bc1 Kg7 47. Kc4 Nd6+ 48. Kxb3 Kxg6 49. Kb4 Kf5 1/2-1/2

[Event "Oberfranken Senioren-EM2009 26th"]
[Site "Bischofsgrün (5.6.-13.6)"]
[Date "2009.06.13"]
[Round "9.8"]
[White "Jaschke, Dieter"]
[Black "Jeske, Guenter(28)"]
[Result "1/2-1/2"]
[WhiteElo "1773"]
[BlackElo "1587"]
[PlyCount "63"]
[EventDate "2009.06.??"]
[EventType "swiss"]
[EventRounds "9"]
[WhiteTeam "Kirchenlaibach TSV"]
[BlackTeam "Rostock-07 SSC"]

1. Nf3 Nf6 2. b3 d5 3. Bb2 Nbd7 4. g3 e6 5. Bg2 Bd6 6. O-O O-O 7. d4 b6 8. Nbd2
Bb7 9. c4 c6 10. Qc2 Rc8 11. Rfe1 c5 12. Ba3 Be7 13. Qb2 cxd4 14. Bxe7 Qxe7 15.
Nxd4 Nc5 16. Rac1 Qd7 17. cxd5 Bxd5 18. Nc4 Bxg2 19. Kxg2 Qd5+ 20. Nf3 Rfd8 21.
Red1 Qc6 22. Nce5 Qb7 23. Kg1 h6 24. Rd4 Rxd4 25. Qxd4 Ncd7 26. Rxc8+ Qxc8 27.
Qa4 a6 28. Nc6 Qb7 29. Nfe5 Nxe5 30. Nxe5 b5 31. Qd4 Qd5 32. Qc3 1/2-1/2

[Event "Oberfranken Senioren-EM2009 26th"]
[Site "Bischofsgrün (5.6.-13.6)"]
[Date "2009.06.13"]
[Round "9.9"]
[White "Otto, Klaus(41)"]
[Black "Wawrinsky, Ludwig"]
[Result "0-1"]
[WhiteElo "1607"]
[BlackElo "1723"]
[PlyCount "154"]
[EventDate "2009.06.??"]
[EventType "swiss"]
[EventRounds "9"]
[WhiteTeam "Triebes SV"]
[BlackTeam "Neuperlach SK"]

1. e4 e6 2. d4 b6 3. Be3 Bb7 4. f3 Nf6 5. Bd3 Be7 6. Ne2 d6 7. c4 O-O 8. O-O
Nbd7 9. Nbc3 c5 10. d5 exd5 11. cxd5 Ne5 12. Bc2 Ba6 13. Bf4 Ng6 14. Bg3 Nh5
15. Bf2 Nf6 16. Re1 Nd7 17. Bd3 Bxd3 18. Qxd3 a6 19. Bg3 b5 20. b3 Rc8 21. Rac1
h5 22. h3 Re8 23. Rc2 h4 24. Bh2 Nb6 25. Rb1 Bf6 26. Qd1 b4 27. Na4 Nxa4 28.
bxa4 a5 29. Nf4 Bd4+ 30. Kh1 Nxf4 31. Bxf4 Qf6 32. Bh2 Bc3 33. Bg1 Be5 34. Bh2
Bxh2 35. Kxh2 Qf4+ 36. Kh1 Qe5 37. Rc4 Rb8 38. Qd2 Qe7 39. Qd1 Rb7 40. Qb3 Reb8
41. Re1 Qe5 42. Rf1 g5 43. Kg1 f6 44. Kh1 Kf7 45. Re1 Re8 46. Re2 Rbe7 47. Qc2
Qa1+ 48. Kh2 f5 49. Re3 fxe4 50. Rcxe4 Rxe4 51. Rxe4 Rxe4 52. fxe4 Qd4 53. Qe2
Kf6 54. Kh1 Qa1+ 55. Kh2 Qe5+ 56. Kh1 Qf4 57. Qb2+ Qe5 58. Qf2+ Ke7 59. Qe2 Qf4
60. Kg1 Qc1+ 61. Kh2 c4 62. Qh5 Qf4+ 63. Kh1 c3 64. Qh7+ Kd8 65. Qg8+ Kd7 66.
Qe6+ Kd8 67. Qg8+ Ke7 68. Qg7+ Ke8 69. Qg8+ Qf8 70. Qe6+ Kd8 71. Qg6 Qe7 72. e5
Qxe5 73. Qg8+ Kd7 74. Qh7+ Qe7 75. Qf5+ Kc7 76. Qd3 Qe1+ 77. Kh2 Qg3+ 0-1

[Event "Oberfranken Senioren-EM2009 26th"]
[Site "Bischofsgrün (5.6.-13.6)"]
[Date "2009.06.13"]
[Round "9.10"]
[White "Weidmann, Hartmut"]
[Black "Tuertmann, Dieter"]
[Result "1/2-1/2"]
[WhiteElo "1649"]
[BlackElo "1814"]
[PlyCount "125"]
[EventDate "2009.06.??"]
[EventType "swiss"]
[EventRounds "9"]
[WhiteTeam "Kirchenlamitz SF"]
[BlackTeam "Eberswalde-1949 ESV"]

1. d4 d5 2. c4 c6 3. Nc3 Nf6 4. Nf3 e6 5. Bg5 Be7 6. e3 Nbd7 7. h3 Qa5 8. Rc1
h6 9. Bh4 O-O 10. Ne5 dxc4 11. Nxc4 Qd8 12. Bg3 b5 13. Nd6 a6 14. Bd3 Nb6 15.
Nde4 Nxe4 16. Nxe4 Bb7 17. Nc5 Bxc5 18. dxc5 Nc8 19. O-O Qe7 20. Qf3 f5 21. Be5
Qf7 22. Qe2 Ne7 23. f4 Nd5 24. Rf3 Kh8 25. Rg3 Nf6 26. Rf3 Rad8 27. Bc2 Rfe8
28. b4 Rd7 29. Rd1 Red8 30. Rxd7 Rxd7 31. Rg3 Rd8 32. e4 Bc8 33. a3 Rg8 34.
exf5 exf5 35. Rd3 Nd5 36. Qd2 Be6 37. a4 Qb7 38. axb5 axb5 39. Ra3 Rf8 40. Qe1
Qf7 41. Qh4 Kh7 42. g4 g6 43. gxf5 gxf5 44. Rg3 Rg8 45. Kh2 Rxg3 46. Kxg3 Ne7
47. Kf2 Ng6 48. Qd8 Nxe5 49. fxe5 Bd5 50. Qh4 Qe6 51. Qf4 Be4 52. Bxe4 fxe4 53.
Qxe4+ Kh8 54. h4 Kg7 55. Ke3 Qh3+ 56. Kf2 Qe6 57. h5 Qa2+ 58. Kg3 Qb3+ 59. Kh4
Qe6 60. Qf4 Qe7+ 61. Kg4 Qd7+ 62. Kh4 Qe6 63. Kg3 1/2-1/2

[Event "Oberfranken Senioren-EM2009 26th"]
[Site "Bischofsgrün (5.6.-13.6)"]
[Date "2009.06.13"]
[Round "9.11"]
[White "Klein, Reinhard(53)"]
[Black "Theuermeister, Peter"]
[Result "1-0"]
[WhiteElo "1686"]
[BlackElo "1633"]
[PlyCount "50"]
[EventDate "2009.06.??"]
[EventType "swiss"]
[EventRounds "9"]
[WhiteTeam "München-RTA SC"]
[BlackTeam "Hof-PTSV SK"]

1. d4 Nf6 2. Nf3 d5 3. Bf4 e6 4. e3 Bd6 5. Ne5 c6 6. Nd2 Qc7 7. Bd3 Nbd7 8.
Ndf3 h6 9. O-O Ne4 10. Nxd7 Bxd7 11. Ne5 Ke7 12. c4 Qb8 13. h4 Be8 14. f3 Nf6
15. c5 Bc7 16. b4 Nd7 17. Nxd7 Bxd7 18. Bxc7 Qxc7 19. f4 g5 20. Qh5 f5 21. hxg5
hxg5 22. Qxg5+ Kf7 23. Be2 Rag8 24. Bh5+ Rxh5 25. Qxh5+ Rg6 1-0

[Event "Oberfranken Senioren-EM2009 26th"]
[Site "Bischofsgrün (5.6.-13.6)"]
[Date "2009.06.13"]
[Round "9.13"]
[White "Bullock, Alfred"]
[Black "Tunka, Josef"]
[Result "0-1"]
[WhiteElo "1403"]
[BlackElo "1664"]
[PlyCount "40"]
[EventDate "2009.06.??"]
[EventType "swiss"]
[EventRounds "9"]
[WhiteTeam "ENG-Poole"]
[BlackTeam "Lingen SV"]
[WhiteTeamCountry "ENG"]

1. b3 c5 2. Bb2 Nc6 3. Nf3 d6 4. c4 e5 5. e4 f5 6. d3 Nf6 7. Nc3 Nd4 8. Be2 Be7
9. Nd5 Nxd5 10. cxd5 Qa5+ 11. Qd2 Nc2+ 12. Kd1 Qxd2+ 13. Kxd2 Nxa1 14. Rxa1 O-O
15. Rc1 b6 16. h4 g6 17. g3 h6 18. Rh1 Kg7 19. Bc3 Bd7 20. Ng1 fxe4 0-1

[Event "Oberfranken Senioren-EM2009 26th"]
[Site "Bischofsgrün (5.6.-13.6)"]
[Date "2009.06.13"]
[Round "9.14"]
[White "Gehlen, Peter"]
[Black "Meyer, Thomas(52)"]
[Result "0-1"]
[WhiteElo "1389"]
[BlackElo "1587"]
[PlyCount "88"]
[EventDate "2009.06.??"]
[EventType "swiss"]
[EventRounds "9"]
[WhiteTeam "Untersiemau TSV"]
[BlackTeam "Tübingen SV"]

1. e4 c6 2. Bc4 d5 3. exd5 cxd5 4. Bb5+ Nc6 5. h3 a6 6. Bxc6+ bxc6 7. Nf3 c5 8.
d4 e6 9. O-O Nf6 10. Bg5 cxd4 11. Qxd4 Be7 12. Nbd2 O-O 13. Rad1 Rb8 14. b3 Bd7
15. Ne5 Bb5 16. c4 dxc4 17. Qxd8 Rbxd8 18. Ndxc4 h6 19. Be3 Nd5 20. a4 Nxe3 21.
fxe3 Bxc4 22. bxc4 Rxd1 23. Rxd1 Bc5 24. Kf2 Rc8 25. Rd7 f6 26. Nf7 Bf8 27. Nd6
Rc6 28. Ne4 Rxc4 29. Rd4 Rc6 30. Kf3 e5 31. Rd8 Kf7 32. g4 a5 33. h4 Rc4 34.
Nd6+ Bxd6 35. Rxd6 Rxa4 36. Ra6 Ra1 37. Ra7+ Kg6 38. h5+ Kh7 39. Kf2 a4 40. Kf3
a3 41. Ke4 a2 42. Ra6 Rg1 43. Rxa2 Rxg4+ 44. Kd5 Rh4 0-1